Eastern Utah Libraries Catalog: Duchesne, Heber, Roosevelt, & Vernal

Heart of snow / (Record no. 405363)

MARC details
000 -LEADER
fixed length control field 01950cam a22002775i 4500
001 - CONTROL NUMBER
control field 23687524
005 - DATE AND TIME OF LATEST TRANSACTION
control field 20250311144113.0
008 - FIXED-LENGTH DATA ELEMENTS--GENERAL INFORMATION
fixed length control field 240513r20252024utu 000 0 eng
010 ## - LIBRARY OF CONGRESS CONTROL NUMBER
LC control number 2024938428
020 ## - INTERNATIONAL STANDARD BOOK NUMBER
International Standard Book Number 9781524427733
Qualifying information (paperback)
020 ## - INTERNATIONAL STANDARD BOOK NUMBER
Cancelled/invalid ISBN 9781524427740
Qualifying information (ebook)
040 ## - CATALOGING SOURCE
Original cataloging agency DLC
Language of cataloging eng
Description conventions rda
Transcribing agency DLC
042 ## - AUTHENTICATION CODE
Authentication code pcc
092 ## - LOCALLY ASSIGNED DEWEY CALL NUMBER (OCLC)
Classification number adult fiction
Item number Law
100 1# - MAIN ENTRY--PERSONAL NAME
Personal name Law, Rachel Grow,
Relator term author.
9 (RLIN) 6540478
245 10 - TITLE STATEMENT
Title Heart of snow /
Statement of responsibility, etc Rachel Grow Law.
264 #1 - Production, Publication, Distribution, Manufacture, and Copyright Notice.
Place of production, publication, distribution, manufacture American Fork, Utah :
Name of producer, publisher, distributor, manufacturer Covenant Communications, Inc.,
Date of production, publication, distribution, manufacture, or copyr [2025]
300 ## - PHYSICAL DESCRIPTION
Extent 288 pages ;
Dimensions 23 cm.
336 ## - Content Type
Content type term text
337 ## - Media type
Media type term unmediated
338 ## - Carrier type
Carrier type term volume
490 0# - SERIES STATEMENT
Series statement Once upon a forest
520 ## - SUMMARY, ETC.
Summary, etc "To be chosen as a lady-in-waiting for Queen Mary is more than just an honor for Countess Margaretha: it's a matter of life and death. After her brother is captured on the battlefield, Margaretha hopes the queen's favor will allow her entry into circles of the powerful elite. There she will leverage her irresistible charm to secure her brother's release. But as the victim of an unfortunate case of shyness, Margaretha's feminine wiles are sorely lacking. Her only hope of achieving her aim is to practice the arts of flirtation on a man she should never fall in love with. As a huntsman's page, Friedrich has had enough of nobles to last him a lifetime, so when Countess Margaretha asks for his help, he has no intention of saying yes-until she offers a bargain he cannot refuse, giving him the ability to decipher a puzzling letter from his past. Soon, harmless lessons evolve into something more as Friedrich finds himself falling for the beautiful countess, but Margaretha's plan to save her brother is not her only deceit. She is harboring a shocking secret, the weight of which may shatter the romance blossoming with Friedrich"--
655 #7 - INDEX TERM--GENRE/FORM
Genre/form data or focus term Romance fiction.
Source of term lcgft
942 ## - ADDED ENTRY ELEMENTS (KOHA)
Source of classification or shelving scheme Dewey Decimal Classification
Koha item type BOOK
Holdings
Withdrawn status Lost status Source of classification or shelving scheme Damaged status Not for loan Collection code Home library Current library Shelving location Date acquired Source of acquisition Total Checkouts Total Renewals Full call number Barcode Date last seen Date checked out Cost, replacement price Price effective from Koha item type
    Dewey Decimal Classification     Adult Fiction LDS Wasatch County Library Wasatch County Library First Floor 03/11/2025 Amazon 6 3 F LDS Law 34301002148833 09/10/2025 08/18/2025 17.99 03/11/2025 BOOK
This project was made possible through a grant from the Institute of Museum and Library Service administered by the Utah State Library Division.

Wasatch County Library

  • 465 East 1200 South, Heber City, Utah 84032
  • Phone 435-654-1511 | Fax 435-654-6456

Hours

  • Monday - Friday 9:30 AM - 8:00 PM
  • Saturday 9:30 AM - 1:30 PM
  • Closed Sundays and Holidays